000 00963nam a2200265 i 4500
001 170574
003 ES-MaACL
005 20250822061906.0
007 t|
008 090318s1972 sp ||||1| spa d
080 _a821.134.2-24"18"
100 1 _aMartínez de la Rosa, Francisco,
_d1787-1862
_978009
245 1 0 _aObras dramáticas /
_cMartínez de la Rosa ; edición, introducción y notas de Jean Sarrailh.
260 _aMadrid :
_bEspasa-Calpe,
_c1972.
300 _aXXXII, 348 p. ;
_c20 cm.
490 1 _aClásicos castellanos ;
_v107
505 8 _aContiene: La viuda de Padilla ; Aben Humeya ; La conjuración de Venecia.
700 1 _aSarrailh, Jean.
_9103846
740 3 2 _aLa viuda de Padilla.
740 0 2 _aAben Humeya.
740 3 2 _aLa conjuración de Venecia.
830 1 0 _aClásicos castellanos (Espasa-Calpe)
_v107
_9183802
852 4 _aES-MaACL
_jE-12534
_z- Biblioteca Jacinto Martínez Lacalle
999 _c170574
_d170574